000 00330 a2200133 4500
001 62615
082 _a297.1225 WAH
090 _c37221
_d37221
100 _aAbdul Waheed Khan
245 _aQuraan Majeed:With translation and tras in English
_hEnglish
250 _aPara III
260 _bAbdul Waheed Khan
300 _a57p
942 _aCAE NUST
_k297.1225 WAH
999 _c297688
_d297688